00293nam a2200109Ia 4500008004100000020001800041041000800059082001600067100001700083245003200100260005100132230717s1999 xx 000 0 und d a81-7588-056-2 aeng a346.07bGUR aGururaj B. N aModvat : Law And Procedures aNew DelhibCentax Publications Pvt. Ltd.c1999